|
|
|
|
| LEADER |
01125nam a22002897a 4500 |
| 001 |
42643 |
| 003 |
BD-DhAAL |
| 008 |
240526t2009 enka|||| |||| 00| 0 eng d |
| 040 |
|
|
|a BD-DhAAL
|c BD-DhAAL
|
| 082 |
|
|
|a 720.28
|
| 245 |
|
|
|a Time-based architecture /
|c edited by Dick van Gameren, Nicholas Wilkimson, Bernard Leupen, Jasper van Zwol ... [et al.].
|
| 264 |
|
|
|a London :
|b Urban International Press,
|c 2009.
|
| 300 |
|
|
|a v. :
|b color illustrations ;
|c 23 cm.
|
| 362 |
|
|
|a Vol. 5-8
|
| 500 |
|
|
|a This book contains volume 5-8.
|
| 541 |
|
|
|e 42643
|
| 650 |
|
|
|a Architecture, Modern
|y 21st century.
|
| 650 |
|
|
|a Buildings
|x Utilization.
|9 56413
|
| 700 |
|
|
|a Gameren, Dick van,
|e editor.
|9 56414
|
| 700 |
|
|
|a Jia, Beisi,
|e editor.
|9 56415
|
| 700 |
|
|
|a Wilkimson, Nicholas,
|e editor.
|9 56416
|
| 700 |
|
|
|a Leupen, Bernard,
|e editor.
|9 56417
|
| 700 |
|
|
|a Zwol, Jasper van,
|e editor.
|9 56418
|
| 852 |
|
|
|a Ayesha Abed Library
|c General Stacks
|
| 942 |
|
|
|2 ddc
|c BK
|
| 999 |
|
|
|c 46669
|d 46669
|
| 952 |
|
|
|0 0
|1 0
|2 ddc
|4 0
|6 720_280000000000000_TIM
|7 1
|9 75539
|a BRACUL
|b BRACUL
|c REF
|d 2024-05-26
|l 0
|o 720.28 TIM
|p 3010042643
|r 2024-05-26
|t 1
|w 2024-05-26
|y BK
|